Stolice świata: Porty i święte - Statystyki

Ogólne statystyki
  • Ten quiz został rozwiązany 2 126 razy
  • Średni wynik to 6 z 14
Statystyki odpowiedzi
Stolica % Poprawnych
Port-au-Prince
73%
Port-of-Spain
66%
Port Moresby
60%
Santo Domingo
50%
San José
45%
San Salvador
43%
Porto-Novo
41%
Santiago
41%
Port Louis
40%
São Tomé
39%
Saint George’s
37%
Saint John’s
36%
Port Vila
34%
San Marino
30%
Nie znaleziono quizów pasujących do podanych kryteriów
Rozkład punktacji
Procent ludzi z każdym wynikiem
Percentyl według liczby udzielonych odpowiedzi
Twoja historia wyników
Nie rozwiązałeś tego quizu